|
|
|
|
| LEADER |
01011naa a2200277 i 4500 |
| 001 |
publ32823 |
| 005 |
20250506115904.0 |
| 008 |
250506s1988 hu o 000 eng d |
| 020 |
|
|
|a 9783110115468; 9780899254302
|
| 024 |
7 |
|
|a 1753489
|2 mtmt
|
| 040 |
|
|
|a SZTE Publicatio Repozitórium
|b hun
|
| 041 |
|
|
|a eng
|
| 100 |
1 |
|
|a Csonka E.
|
| 245 |
1 |
0 |
|a Anxiogenic effect of cholecystokinin in rats
|h [elektronikus dokumentum] /
|c Csonka E.
|
| 260 |
|
|
|a Walter de Gruyter
|b Berlin
|c 1988
|
| 300 |
|
|
|a 4
|
| 300 |
|
|
|a 249-252
|
| 490 |
0 |
|
|a Peptides : Chemistry, biology, interactions with proteins: Proceedings of the 50th Anniversary Symposium of the Nobel-Prize of Albert Szent-Györgyi
|
| 650 |
|
4 |
|a Általános orvostudomány
|
| 700 |
0 |
1 |
|a Fekete Mátyás
|e aut
|
| 700 |
0 |
1 |
|a Nagy Gy.
|e aut
|
| 700 |
0 |
2 |
|a Szántó-Fekete M.
|e aut
|
| 700 |
0 |
2 |
|a Telegdy Gyula
|e aut
|
| 700 |
0 |
2 |
|a Penke Botond
|e aut
|
| 700 |
0 |
2 |
|a Kovács K.
|e aut
|
| 856 |
4 |
0 |
|u http://publicatio.bibl.u-szeged.hu/32823/1/aok_klny_113_88.pdf
|z Dokumentum-elérés
|